Using computers : human factors in information systems

Αποθηκεύτηκε σε:
Λεπτομέρειες βιβλιογραφικής εγγραφής
Κύριος συγγραφέας: Nickerson, Raymont
Μορφή: Βιβλίο
Γλώσσα:English
Δημοσίευση: Cambridge, mass : The Mit press, 1986
Θέματα:
Ετικέτες: Προσθήκη ετικέτας
Δεν υπάρχουν, Καταχωρήστε ετικέτα πρώτοι!

MARC

LEADER 00000nam a2200000 i 4500
001 1/36855
008 960508s1986 eng d
020 |a 0262140403 
035 |l 10024568 
040 |a GR-MY-UA  |b gre  |e aacr 
041 0 |a eng 
082 0 |a 004.019 
100 1 |a Nickerson, Raymont. 
245 1 0 |a Using computers : human factors in information systems 
260 |a Cambridge, mass :   |b The Mit press,   |c 1986 
300 |a XIV, 434 p. 
500 |a A bradford book 
650 0 0 |a Computers. 
650 0 0 |a Human engineering. 
650 0 0 |a Electronic data processing. 
650 0 0 |a Computers  |x Psychological aspects. 
852 |a INST  |b CHIOS  |e 19960508  |h 004.019 NIC  |p 005200000182  |q 005200000182  |t BK  |y 0 
909 |a Χ  |b 010296